00306nam a22000977a 4500082001500000245010300015260002400118300002100142526003700163650000800200 a629.4bNAT aThe study on national transport plan in the Islamic Republic of Pakistan: Final report appendices/ bA. C. P. C. Ic1995 aVarious Paging,; a0b0c0d629_400000000000000_NAT aMCE